| 000 | 00624nam a22001937a 4500 | ||
|---|---|---|---|
| 003 | OSt | ||
| 005 | 20180116183041.0 | ||
| 008 | 160223b xxu||||| |||| 00| 0 eng d | ||
| 020 | _a16-291-2013-2 | ||
| 024 | _216-291-2013-2 | ||
| 040 | _cLahore University of Management Sciences | ||
| 082 | _a174.4 LUM 2013 | ||
| 100 | _a MAHMUD T | ||
| 245 |
_aNOTE ON INDIA AND SINGAPORE - SOME KEY ELEMENTS IN GOVERNANCE _c MAHMUD T |
||
| 260 |
_aLahore _bLahore University of Management Sciences _c2013 |
||
| 300 |
_a18 p. _bPapers |
||
| 440 | _aNOTE ON INDIA AND SINGAPORE - SOME KEY ELEMENTS IN GOVERNANCE | ||
| 942 |
_2ddc _cCS |
||
| 999 |
_c351259 _d351259 |
||